Statistics for Denver Rail Stations

Click here to take the quiz!

General Stats

  • This quiz has been taken 29 times
  • The average score is 36 of 77

Answer Stats

Rail LineAnswer% Correct
A B C E G N WUnion Station
100%
RColfax
87%
C D E F HI-25 & Broadway
87%
C DLittleton - Mineral
87%
C E WAuraria West
80%
ACentral Park
80%
ADenver Airport - DIA
80%
WJefferson County Government Center - Golden
80%
C E WBall Arena - Elitch Gardens
73%
D F HColfax at Auraria
73%
E F HUniversity
73%
C D E F H10th & Osage
67%
A40th & Colorado
67%
A61st & Pena
67%
C DEnglewood
67%
H RFlorida
67%
E F RLincoln
67%
H RNine Mile
67%
GOlde Town Arvada
67%
C DOxford - City of Sheridan
67%
A RPeoria
67%
D F H L16th & California
60%
D F H L16th & Stout
60%
D F H L18th & California
60%
D F H L18th & Stout
60%
A40th & Airport - Gateway Park
60%
B G41st & Fox
60%
GArvada Ridge
60%
C E WEmpower Field - Mile High
60%
C DLittleton - Downtown
60%
E FSky Ridge
60%
BWestminster
60%
A38th & Blake
53%
C D E F HAlameda
53%
RAurora Metro Center
53%
H RDayton
53%
C DEvans
53%
E F HLouisiana - Pearl
53%
E F HColorado
47%
E F RDry Creek
47%
H RIliff
47%
WRed Rocks College
47%
WSheridan
47%
E F RCounty Line
40%
RFitzsimons
40%
E FLone Tree City Center
40%
B GPecos Junction
40%
E F HYale
40%
L30th & Downing
33%
E F RBelleview
33%
E FRidgeGate Parkway
33%
D F HTheatre District - Convention Center
33%
GWheat Ridge - Ward
33%
GClear Creek - Federal
27%
WDecatur - Federal
27%
WLakewood - Wadsworth
27%
E F ROrchard
27%
E F HSouthmoor
27%
L20th & Welton
20%
L25th & Welton
20%
L27th & Welton
20%
N48th & Brighton - National Western Center
20%
E F RArapahoe at Village Center
20%
NCommerce City - 72nd
20%
NEastlake - 124th
20%
WFederal Center
20%
WKnox
20%
NNorthglenn - 112th
20%
WOak
20%
NOriginal Thornton - 88th
20%
NThornton Crossroads - 104th
20%
R13th Avenue
13%
R2nd & Abeline
13%
G60th & Sheridan - Arvada Gold Strike
13%
WGarrison
13%
WLamar
13%
WPerry
13%

Score Distribution

Percentile by Number Answered

Percent of People with Each Score

Your Score History

You have not taken this quiz